Statistics for Rap Random Quiz

Click here to take the quiz!

General Stats

  • This quiz has been taken 20 times
  • The average score is 5 of 10

Answer Stats

QuestionAnswer% Correct
what black rapper is named after money?50 cent
79%
most streamed artist with "lil" in their name.lil uzi vert
68%
Iconic rapper that died because of aids?eazy e
58%
Who made "no vaseline"?ice cube
53%
Snoop doggs album that got removed
from all streaming services.
doggystyle
47%
Who produces for Kanye?kanye
47%
name the most famous rapper that
came from compton whos not a part of nwa?
kendrick lamar
47%
which rapper was shot 6 times during his life?tupac
42%
What is dr dre's "the chronic" named afterweed
16%
name eminems first ever single.infinite
0%

Score Distribution

Percentile by Number Answered

Percent of People with Each Score

Your Score History

You have not taken this quiz